Manažment nákladov v medzinárodnej nákladnej preprave a nové trendy diplomová práca

Salvato in:
Dettagli Bibliografici
Autore principale: Lauková, Nina
Ente Autore: Obchodná fakulta EU. Katedra medzinárodného obchodu
Altri autori: Minárik, Marek
Natura: Libro
Lingua:slovacco
Pubblicazione: Bratislava 2020
Tags: Aggiungi Tag
Nessun Tag, puoi essere il primo ad aggiungerne!!

MARC

LEADER 00000nbm a2200000 4500
001 0266282
005 20201008083439.1
041 0 |a slo 
044 |a SK 
245 1 0 |a Manažment nákladov v medzinárodnej nákladnej preprave a nové trendy  |b diplomová práca  |c Nina Lauková ; školiteľ: Marek Minárik 
264 1 |a Bratislava  |c 2020 
300 |a 94 s. 
100 1 |a Lauková, Nina 
700 1 |a Minárik, Marek 
710 2 |a Obchodná fakulta EU. Katedra medzinárodného obchodu